| 000 | 00846nam a2200265 a 4500 | ||
|---|---|---|---|
| 001 | BRL_368 | ||
| 005 | 20190320210716.0 | ||
| 008 | 050813s1991----mx-a######---#000-0#spa-# | ||
| 020 | _a9681636864 | ||
| 041 | _aspa | ||
| 044 | _amx | ||
| 050 | 4 |
_aF1219.56.C66 _b.V44 1991 |
|
| 100 | 1 |
_aVega Sosa, Constanza _923679 |
|
| 245 | 1 | 0 |
_aCódice Azoyú 1 _bel reino de Tlachinollan _cConstanza Vega Sosa. |
| 260 |
_aMéxico _bFCE _c1991 |
||
| 300 |
_a139 p. _bil. (algunas a color), mapas _c24 cm. |
||
| 500 | _aportafolio con una reproducción del Códice con 38 hojas | ||
| 500 | _aAu358 | ||
| 504 | _aBibliografía : p. 135 | ||
| 630 | 0 | 4 |
_aCódice Azoyuì 1 _923680 |
| 650 | 1 | 4 |
_aCódices, Tlapanec _xFacsímiles _zGuerrero, México _923681 |
| 650 | 1 | 4 |
_aIndígenas tlapanecos _xVida social y costumbres _923682 |
| 902 | _aGRL | ||
| 942 |
_2lcc _cB |
||
| 999 |
_c9181 _d9181 |
||